000 00671nam a2200265Ia 4500
005 20260121165854.0
008 008 260114s9999 xx 000 0 eng d
020 _a9783662495292
037 _aEBOOK
040 _aCRL
040 _beng
040 _cCRL
041 _2eng
041 _aeng
084 _qCRL
100 _aEvangelos Kranakis, Gonzalo Navarro, Edgar Chávez
_91057075
245 0 _aLATIN 2016: Theoretical Informatics
260 _bSpringer
260 _bSpringer
260 _c2016
856 _uhttps://link.springer.com/openurl?genre=book&isbn=978-3-662-49529-2
942 _cEBOOK
999 _c1622803
_d1622803